[Event "Stuttgart-chA op"]
[Site "Ditzingen"]
[Date "2015.05.14"]
[Round "2"]
[White "Weber, Klaus"]
[Black "Schroeder, Kevin"]
[Result "1/2-1/2"]
[WhiteElo "2113"]
[BlackElo "2244"]
[PlyCount "129"]
[EventDate "2015.05.14"]
[EventType "swiss"]
[EventRounds "7"]
[EventCountry "GER"]
[SourceTitle "EXT 2018"]
[Source "ChessBase"]
[SourceDate "2017.10.13"]
[SourceVersion "1"]
[SourceVersionDate "2017.10.13"]
[SourceQuality "1"]

1. d4 Nf6 2. Nf3 e6 3. c4 b6 4. a3 Bb7 5. Nc3 d5 6. e3 Be7 7. Be2 0-0 8. 0-0 Nbd7 9. b3 c5 10. dxc5 Nxc5 11. b4 Nce4 12. Nxe4 Nxe4 13. Bb2 Bf6 14. Qb3 dxc4 15. Bxc4 Nd6 16. Rfc1 Nxc4 17. Bxf6 Qxf6 18. Qxc4 Bxf3 19. gxf3 Qxf3 20. Qc6 Qxc6 21. Rxc6 g6 22. a4 Rac8 23. Rac1 Rxc6 24. Rxc6 Rd8 25. Rc7 a5 26. Rc6 Rd1+ 27. Kg2 axb4 28. Rxb6 Rb1 29. a5 b3 30. a6 Ra1 31. Rxb3 Rxa6 32. Rb7 Kg7 33. Rc7 g5 34. Rb7 Ra4 35. h3 Kg6 36. Rc7 Ra5 37. Rb7 Ra2 38. Rc7 h5 39. Rb7 f5 40. Rc7 h4 41. Rc8 Kf7 42. Rb8 Kf6 43. Rc8 Rd2 44. Ra8 Rd7 45. Rb8 Rg7 46. Ra8 Rb7 47. Rc8 Rb1 48. Ra8 Re1 49. Rb8 Re2 50. Ra8 Rc2 51. Rb8 Rc1 52. Ra8 Rc7 53. Rb8 Rh7 54. Ra8 g4 55. Rg8 Rg7 56. Rh8 Kg5 57. f4+ gxf3+ 58. Kxf3 e5 59. e4 f4 60. Rf8 Kh6 61. Rh8+ Kg5 62. Rf8 Kh6 63. Rf5 Rg3+ 64. Kf2 Rxh3 65. Rxe5 1/2-1/2

[Event "Stuttgart-chA int"]
[Site "Ditzingen"]
[Date "2014.05.30"]
[Round "4"]
[White "Lorscheid, Gerhard"]
[Black "Weber, Klaus"]
[Result "1-0"]
[WhiteElo "2252"]
[BlackElo "2117"]
[PlyCount "57"]
[EventDate "2014.05.29"]
[EventType "swiss"]
[EventRounds "7"]
[EventCountry "GER"]
[SourceTitle "EXT 2015"]
[Source "ChessBase"]
[SourceDate "2014.11.20"]
[SourceVersion "1"]
[SourceVersionDate "2014.11.20"]
[SourceQuality "1"]

1. d4 c6 2. c4 Nf6 3. Nc3 d5 4. e3 e6 5. Nf3 Bb4 6. Qc2 a6 7. Bd3 Nbd7 8. 0-0 dxc4 9. Bxc4 b5 10. Be2 Bb7 11. a3 Be7 12. b4 a5 13. Rb1 axb4 14. axb4 Nb6 15. Bd2 0-0 16. Ne5 Nfd7 17. Nd3 Nc4 18. Bc1 e5 19. Bf3 Qb6 20. Rd1 Rfd8 21. Ne4 f5 22. Ng3 g6 23. dxe5 Ndxe5 24. Nxe5 Rxd1+ 25. Bxd1 Nxe5 26. e4 fxe4 27. Nxe4 Bc8 28. Qc3 Nc4 29. Bh6 1-0

[Event "Stuttgart-chA int"]
[Site "Ditzingen"]
[Date "2014.05.29"]
[Round "2"]
[White "Raupp, Thomas"]
[Black "Weber, Klaus"]
[Result "1-0"]
[WhiteElo "2310"]
[BlackElo "2117"]
[PlyCount "81"]
[EventDate "2014.05.29"]
[EventType "swiss"]
[EventRounds "7"]
[EventCountry "GER"]
[SourceTitle "EXT 2015"]
[Source "ChessBase"]
[SourceDate "2014.11.20"]
[SourceVersion "1"]
[SourceVersionDate "2014.11.20"]
[SourceQuality "1"]

1. d4 c6 2. c4 Nf6 3. Nc3 d5 4. e3 a6 5. Qc2 e6 6. Nf3 Bb4 7. Bd2 Nbd7 8. Bd3 dxc4 9. Bxc4 c5 10. a3 Bxc3 11. Bxc3 cxd4 12. Bxd4 Qc7 13. Rc1 b5 14. Bxe6 Qxc2 15. Bxd7+ Nxd7 16. Rxc2 Bb7 17. Ke2 Bd5 18. Nd2 f5 19. f3 0-0 20. Rc7 Rf7 21. Rhc1 Re8 22. Ra7 Ne5 23. Rxa6 Bc4+ 24. Nxc4 Nxc4 25. Kf2 Rd7 26. b3 Nd2 27. Rcc6 f4 28. Ra7 Rxa7 29. Bxa7 Nb1 30. Rc7 Nd2 31. b4 fxe3+ 32. Bxe3 Nc4 33. Bd4 Rd8 34. Rxg7+ Kf8 35. Rg4 Nxa3 36. Bc5+ Kf7 37. Rd4 Rxd4 38. Bxd4 Nc2 39. Bc3 Ke6 40. Ke2 Kd5 41. Kd3 1-0

[Event "Oberliga Wuerttemberg 1011"]
[Site "Wuerttemberg"]
[Date "2011.04.17"]
[Round "9"]
[White "Fritsch, Rolf"]
[Black "Weber, Klaus"]
[Result "1-0"]
[WhiteElo "2205"]
[BlackElo "2125"]
[PlyCount "152"]
[EventDate "2010.09.26"]
[EventType "team-tourn"]
[EventRounds "9"]
[EventCountry "GER"]
[SourceTitle "EXT 2019"]
[Source "ChessBase"]
[SourceDate "2018.10.10"]
[SourceVersion "1"]
[SourceVersionDate "2018.10.10"]
[SourceQuality "1"]
[WhiteTeam "Stuttgart SF"]
[BlackTeam "Tuebingen"]
[WhiteTeamCountry "GER"]
[BlackTeamCountry "GER"]

1. g3 e5 2. Bg2 f5 3. d3 Nf6 4. Nd2 d5 5. c4 c6 6. a3 a5 7. b3 Bd6 8. Bb2 0-0 9. Qc2 Qe7 10. e3 Kh8 11. Ne2 Be6 12. 0-0 Nbd7 13. Rfe1 Qf7 14. f4 dxc4 15. bxc4 Ng4 16. Nf1 Rac8 17. h3 Ngf6 18. Nd2 e4 19. dxe4 Nxe4 20. Nxe4 fxe4 21. Bxe4 Nf6 22. Bxf6 Qxf6 23. c5 Bb8 24. g4 g5 25. Rf1 gxf4 26. exf4 Bxf4 27. Kg2 Qg5 28. Nxf4 Rxf4 29. Rxf4 Qxf4 30. Rf1 Qe5 31. Rf3 Rd8 32. Qc3 Rd4 33. Re3 Bd5 34. Bxd5 Qxd5+ 35. Kg3 Kg8 36. Qxa5 Qg5 37. Qc3 Qf4+ 38. Kg2 Rd5 39. Rf3 Rd2+ 40. Kf1 Rd1+ 41. Ke2 Rc1 42. Qb3+ Qc4+ 43. Kd2 Qxb3 44. Rxb3 Rxc5 45. Rxb7 Ra5 46. Rb3 h5 47. gxh5 Rxh5 48. Rf3 Rh4 49. Kc3 Ra4 50. Kb3 Ra7 51. Rf4 Kg7 52. a4 c5 53. h4 Kg6 54. Kc3 Kg7 55. Kd3 Ra8 56. Ke3 Kg6 57. Rc4 Kf6 58. Kd3 Ke6 59. Kc3 Kd5 60. Rg4 Rf8 61. Rg5+ Kc6 62. Rg4 Rf1 63. h5 Rc1+ 64. Kb2 Rh1 65. Rg6+ Kd5 66. h6 Rh2+ 67. Kc3 Rh3+ 68. Kd2 Rh2+ 69. Ke3 Rh3+ 70. Kf2 c4 71. Kg2 Rh5 72. a5 c3 73. a6 Ke4 74. a7 Ra5 75. h7 Ra2+ 76. Kh3 c2 1-0

[Event "Staufer op 23rd"]
[Site "Leinzell"]
[Date "2011.01.04"]
[Round "5"]
[White "Weber, Klaus"]
[Black "Fleischer, Frank"]
[Result "0-1"]
[WhiteElo "2125"]
[BlackElo "2220"]
[PlyCount "60"]
[EventDate "2011.01.02"]
[EventType "swiss"]
[EventRounds "9"]
[EventCountry "GER"]
[SourceTitle "CBM 140 Extra"]
[Source "ChessBase"]
[SourceDate "2011.03.01"]
[SourceVersion "1"]
[SourceVersionDate "2011.03.01"]
[SourceQuality "1"]

1. g3 f5 2. d4 e6 3. Bg2 Nf6 4. Bg5 h6 5. Bxf6 Qxf6 6. e3 c5 7. c3 Nc6 8. Ne2 d5 9. h4 Bd6 10. Nd2 Bd7 11. f4 0-0 12. Nf3 Rfc8 13. Nc1 c4 14. Ne5 Be8 15. Nxc6 Bxc6 16. g4 fxg4 17. Qxg4 Be8 18. Bh3 Bf7 19. Ne2 Be7 20. 0-0-0 Rc6 21. Rdg1 b5 22. e4 dxe4 23. Ng3 Bg6 24. d5 exd5 25. Qd7 Qxf4+ 26. Kc2 Qd6 27. Qb7 Rb8 28. Qxa7 Ra6 29. Qd4 Bf6 30. Qd1 b4 0-1

[Event "Oberliga Wuerttemberg 1011"]
[Site "Wuerttemberg"]
[Date "2010.11.28"]
[Round "4"]
[White "Weber, Klaus"]
[Black "Namyslo, Holger"]
[Result "1/2-1/2"]
[WhiteElo "2125"]
[BlackElo "2269"]
[PlyCount "128"]
[EventDate "2010.09.26"]
[EventType "team-tourn"]
[EventRounds "9"]
[EventCountry "GER"]
[SourceTitle "EXT 2019"]
[Source "ChessBase"]
[SourceDate "2018.10.10"]
[SourceVersion "1"]
[SourceVersionDate "2018.10.10"]
[SourceQuality "1"]
[WhiteTeam "Tuebingen"]
[BlackTeam "Biberach"]
[WhiteTeamCountry "GER"]
[BlackTeamCountry "GER"]

1. e4 e6 2. Nf3 d5 3. exd5 exd5 4. Be2 Bd6 5. 0-0 Ne7 6. d3 0-0 7. c4 c6 8. Nc3 Nd7 9. cxd5 cxd5 10. b3 Nf6 11. Nb5 Bb8 12. Re1 Ng6 13. g3 Re8 14. Bf1 Bg4 15. Be3 a6 16. Nbd4 Ba7 17. Qd2 Qd7 18. Bg2 Bh3 19. Nc2 Bxg2 20. Kxg2 Bxe3 21. Rxe3 Qg4 22. Rxe8+ Rxe8 23. h3 Qd7 24. Re1 Rxe1 25. Qxe1 h5 26. Ncd4 Qc7 27. Qe3 h4 28. Nf5 hxg3 29. fxg3 Qc2+ 30. Qd2 Qxd2+ 31. Nxd2 Ne5 32. d4 Nc6 33. Kf2 Ne8 34. Ne3 Nc7 35. Nc2 Nb5 36. Nb1 Kf8 37. Ke3 Ke7 38. Kd3 Ke6 39. Nc3 Nc7 40. Na4 b5 41. Nc5+ Kd6 42. Nb7+ Ke7 43. a3 Ne6 44. b4 Ng5 45. h4 Ne4 46. Ne3 Nxg3 47. Nxd5+ Kd7 48. Nc5+ Kd6 49. Ne3 f5 50. Nxa6 f4 51. Nd1 Nf5 52. d5 Kxd5 53. Nc7+ Ke5 54. Nxb5 Nxh4 55. Nbc3 g5 56. b5 Na5 57. Nf2 Kf5 58. Nce4 g4 59. Nxg4 Kxg4 60. Kc3 Nf5 61. Kb4 Nb7 62. a4 Nd4 63. a5 Nxa5 64. Kxa5 Nxb5 1/2-1/2

[Event "Oberliga Wuerttemberg 1011"]
[Site "Wuerttemberg"]
[Date "2010.09.26"]
[Round "1"]
[White "Denisow, Jewgeny"]
[Black "Weber, Klaus"]
[Result "1-0"]
[WhiteElo "2167"]
[BlackElo "2125"]
[PlyCount "106"]
[EventDate "2010.09.26"]
[EventType "team-tourn"]
[EventRounds "9"]
[EventCountry "GER"]
[SourceTitle "EXT 2019"]
[Source "ChessBase"]
[SourceDate "2018.10.10"]
[SourceVersion "1"]
[SourceVersionDate "2018.10.10"]
[SourceQuality "1"]
[WhiteTeam "Schwaebisch Gmuend"]
[BlackTeam "Tuebingen"]
[WhiteTeamCountry "GER"]
[BlackTeamCountry "GER"]

1. e4 e5 2. Nf3 d6 3. d4 exd4 4. Nxd4 Nf6 5. Nc3 Be7 6. Bc4 0-0 7. f3 c6 8. 0-0 b5 9. Bb3 a6 10. Nde2 Nbd7 11. a3 Nc5 12. Ba2 Be6 13. Nd4 Qc8 14. b4 Nb7 15. Nce2 c5 16. Nxe6 fxe6 17. bxc5 dxc5 18. e5 Rd8 19. Qe1 Nd5 20. c4 bxc4 21. Qg3 Na5 22. Bh6 Bf8 23. Rac1 Kh8 24. Bg5 Be7 25. Bb1 Bxg5 26. Qxg5 Rf8 27. Qh5 g6 28. Bxg6 Ra7 29. Rfd1 Rg7 30. Bb1 Qe8 31. Qh6 Rxf3 32. Rf1 Rff7 33. Ng3 Nb3 34. Rxc4 Rxf1+ 35. Nxf1 Qf8 36. Ng3 Nd4 37. Qd2 Nf4 38. Bd3 Rd7 39. Qe3 Rf7 40. Rc1 Nxd3 41. Qxd3 Rf2 42. Qxa6 h5 43. Rf1 Rxf1+ 44. Qxf1 Qxf1+ 45. Kxf1 h4 46. Ne4 c4 47. Kf2 h3 48. g4 Kg7 49. a4 Nc6 50. Kg3 Nxe5 51. a5 Nc6 52. a6 c3 53. Nxc3 Na7 1-0

[Event "Oberliga Wuerttemberg 0910"]
[Site "Wuerttemberg"]
[Date "2010.03.07"]
[Round "7.6"]
[White "Weber, Klaus"]
[Black "Reck, Moritz"]
[Result "1/2-1/2"]
[WhiteElo "2063"]
[BlackElo "2066"]
[PlyCount "21"]
[EventDate "2009.10.11"]
[EventType "team-tourn"]
[EventRounds "9"]
[EventCountry "GER"]
[SourceTitle "EXT 2019"]
[Source "ChessBase"]
[SourceDate "2018.10.10"]
[SourceVersion "1"]
[SourceVersionDate "2018.10.10"]
[SourceQuality "1"]
[WhiteTeam "Tuebingen"]
[BlackTeam "Bebenhausen"]
[WhiteTeamCountry "GER"]
[BlackTeamCountry "GER"]

1. e4 Nf6 2. e5 Nd5 3. c4 Nb6 4. d4 d6 5. exd6 exd6 6. Nc3 Be7 7. Bd3 0-0 8. Nge2 Bg4 9. h3 Bh5 10. Be3 Bf6 11. Qc2 1/2-1/2

[Event "Oberliga Wuerttemberg 0910"]
[Site "Wuerttemberg"]
[Date "2010.01.31"]
[Round "6.6"]
[White "Preuss, Heiko"]
[Black "Weber, Klaus"]
[Result "1-0"]
[WhiteElo "2183"]
[BlackElo "2063"]
[PlyCount "72"]
[EventDate "2009.10.11"]
[EventType "team-tourn"]
[EventRounds "9"]
[EventCountry "GER"]
[SourceTitle "EXT 2019"]
[Source "ChessBase"]
[SourceDate "2018.10.10"]
[SourceVersion "1"]
[SourceVersionDate "2018.10.10"]
[SourceQuality "1"]
[WhiteTeam "Ulm Post"]
[BlackTeam "Tuebingen"]
[WhiteTeamCountry "GER"]
[BlackTeamCountry "GER"]

1. d4 Nf6 2. g3 c5 3. c3 e6 4. Bg2 d5 5. Nf3 Nc6 6. 0-0 Bd6 7. Nbd2 cxd4 8. Nxd4 0-0 9. e4 Nxd4 10. cxd4 dxe4 11. Nxe4 Nd5 12. Qb3 a5 13. Nc3 Nxc3 14. bxc3 Rb8 15. c4 Bd7 16. Be3 a4 17. Qd3 Bc6 18. Rab1 Bxg2 19. Kxg2 f5 20. f4 b5 21. cxb5 Rc8 22. Rfd1 g5 23. Rd2 gxf4 24. Bxf4 Bxf4 25. gxf4 Rf7 26. Qf3 Qa5 27. Qe2 Rg7+ 28. Kf2 Qd8 29. Qxe6+ Kh8 30. Kf1 Rcc7 31. b6 Rce7 32. Qxf5 Qg8 33. Qf6 Ref7 34. Qe5 Rxf4+ 35. Ke2 Qc4+ 36. Ke3 Rf8 1-0

[Event "Oberliga Wuerttemberg 0910"]
[Site "Wuerttemberg"]
[Date "2010.01.10"]
[Round "5.5"]
[White "Junger, Werner"]
[Black "Weber, Klaus"]
[Result "1-0"]
[WhiteElo "2158"]
[BlackElo "2063"]
[PlyCount "33"]
[EventDate "2009.10.11"]
[EventType "team-tourn"]
[EventRounds "9"]
[EventCountry "GER"]
[SourceTitle "EXT 2019"]
[Source "ChessBase"]
[SourceDate "2018.10.10"]
[SourceVersion "1"]
[SourceVersionDate "2018.10.10"]
[SourceQuality "1"]
[WhiteTeam "Ebersbach"]
[BlackTeam "Tuebingen"]
[WhiteTeamCountry "GER"]
[BlackTeamCountry "GER"]

1. e4 e6 2. d4 d5 3. Nc3 Nf6 4. Bg5 Bb4 5. e5 h6 6. Bd2 Bxc3 7. bxc3 Ne4 8. Qg4 g6 9. Bd3 Nxd2 10. Kxd2 c5 11. Nf3 Nc6 12. h4 h5 13. Qf4 cxd4 14. cxd4 Bd7 15. Rab1 b6 16. Rh3 Ke7 17. Qf6+ 1-0

[Event "Oberliga Wuerttemberg 0708"]
[Site "Wuerttemberg"]
[Date "2008.02.10"]
[Round "6.6"]
[White "Weber, Klaus"]
[Black "Hottes, Dieter"]
[Result "1-0"]
[WhiteElo "2121"]
[BlackElo "2208"]
[PlyCount "86"]
[EventDate "2007.10.07"]
[EventType "team-tourn"]
[EventRounds "9"]
[EventCountry "GER"]
[SourceTitle "EXT 2018"]
[Source "ChessBase"]
[SourceDate "2017.10.13"]
[SourceVersion "1"]
[SourceVersionDate "2017.10.13"]
[SourceQuality "1"]
[WhiteTeam "Tuebingen"]
[BlackTeam "Stuttgart SF II"]
[WhiteTeamCountry "GER"]
[BlackTeamCountry "GER"]

1. Nf3 Nf6 2. g3 g6 3. Bg2 Bg7 4. 0-0 0-0 5. c4 d6 6. Nc3 Nc6 7. d3 e5 8. Bg5 h6 9. Bd2 Be6 10. Ne1 Kh7 11. Nc2 Qc8 12. e4 Bg4 13. Qe1 Qd7 14. f4 exf4 15. gxf4 Bh3 16. Qh4 Bxg2 17. Kxg2 Qg4+ 18. Qxg4 Nxg4 19. Nd5 Rac8 20. h3 Nf6 21. Bc3 Nxd5 22. cxd5 Ne7 23. Bxg7 Kxg7 24. Nd4 c6 25. f5 gxf5 26. dxc6 fxe4 27. cxb7 Rc5 28. dxe4 Rb8 29. Rad1 Rxb7 30. Rd2 a5 31. Rdf2 Ng6 32. Nf5+ Kh7 33. Nxd6 Rbc7 34. Rxf7+ Rxf7 35. Rxf7+ Kg8 36. Rb7 Rg5+ 37. Kf2 Nf4 38. h4 Rc5 39. Ke3 Ne6 40. Re7 Ng7 41. Kd4 Rc2 42. Rb7 Rh2 43. Ke5 Rxh4 1-0

[Event "Oberliga Wuerttemberg 0708"]
[Site "Wuerttemberg"]
[Date "2007.11.04"]
[Round "3.6"]
[White "Boehm, Martin"]
[Black "Weber, Klaus"]
[Result "1-0"]
[WhiteElo "2273"]
[BlackElo "2121"]
[PlyCount "75"]
[EventDate "2007.10.07"]
[EventType "team-tourn"]
[EventRounds "9"]
[EventCountry "GER"]
[SourceTitle "EXT 2018"]
[Source "ChessBase"]
[SourceDate "2017.10.13"]
[SourceVersion "1"]
[SourceVersionDate "2017.10.13"]
[SourceQuality "1"]
[WhiteTeam "Boeblingen"]
[BlackTeam "Tuebingen"]
[WhiteTeamCountry "GER"]
[BlackTeamCountry "GER"]

1. e4 c5 2. Nf3 Nc6 3. Bb5 Qc7 4. 0-0 d6 5. Nc3 e6 6. d4 cxd4 7. Qxd4 Bd7 8. Bxc6 bxc6 9. Bg5 f6 10. Be3 Ne7 11. Rfe1 Ng6 12. Qc4 Rb8 13. Nd4 Ne5 14. Qe2 c5 15. Nb3 h5 16. f4 Ng4 17. Kh1 Nxe3 18. Qxe3 h4 19. h3 Kf7 20. Rab1 Re8 21. Qe2 Bc6 22. f5 g6 23. Qc4 Rh5 24. fxe6+ Rxe6 25. Nd5 Bxd5 26. exd5 Rxe1+ 27. Rxe1 Qb7 28. Rd1 Qb4 29. Qa6 Re5 30. c3 Qf4 31. Qxa7+ Be7 32. Qa6 g5 33. Qd3 f5 34. Nd2 Re3 35. Qf1 Qxf1+ 36. Rxf1 f4 37. Nc4 Rd3 38. a4 1-0

[Event "Wuerttemberg-ch MT"]
[Site "Tuebingen"]
[Date "2007.08.26"]
[Round "2"]
[White "Weber, Klaus"]
[Black "Kabisch, Thilo"]
[Result "0-1"]
[WhiteElo "2179"]
[BlackElo "2241"]
[PlyCount "122"]
[EventDate "2007.08.25"]
[EventType "swiss"]
[EventRounds "9"]
[EventCountry "GER"]
[SourceTitle "CBM 120 Extra"]
[Source "ChessBase"]
[SourceDate "2007.11.01"]
[SourceVersion "1"]
[SourceVersionDate "2007.11.01"]
[SourceQuality "1"]

1. e4 e6 2. d4 d5 3. Nc3 Nf6 4. Bg5 dxe4 5. Nxe4 Nbd7 6. Nf3 Be7 7. Nxf6+ Nxf6 8. Bb5+ c6 9. Bd3 h6 10. Bd2 a6 11. Qe2 b5 12. Rd1 Bb7 13. 0-0 Qc7 14. c4 bxc4 15. Bxc4 0-0 16. Rc1 a5 17. Rc2 Rfd8 18. Rfc1 Nd5 19. Ne5 Bf6 20. Bxd5 Bxe5 21. Qxe5 Qxe5 22. dxe5 Rxd5 23. f4 h5 24. Be3 Kh7 25. Rd2 Kg6 26. Rxd5 exd5 27. Kf2 Kf5 28. Kf3 d4 29. Bd2 c5+ 30. Kf2 Rc8 31. Bxa5 Rc6 32. b4 c4 33. b5 Rc8 34. Bb6 d3 35. Ke3 Bxg2 36. Rg1 c3 37. Kxd3 Be4+ 38. Ke3 c2 39. Kd2 Rb8 40. Be3 Rxb5 41. Rxg7 Rd5+ 42. Ke2 Ke6 43. Bd2 Bd3+ 44. Ke3 Bg6 45. Rg8 Rd3+ 46. Ke2 Rh3 47. Rc8 Rxh2+ 48. Ke3 Rh3+ 49. Ke2 Bd3+ 50. Kf2 h4 51. Kg2 Rg3+ 52. Kf2 Be4 53. Rh8 Rf3+ 54. Ke2 h3 55. a4 Ra3 56. Bc1 Ra1 57. Kd2 Bf5 58. Rh6+ Kd5 59. Rd6+ Ke4 60. Kxc2 Kf3+ 61. Kd2 Ra2+ 0-1

[Event "Deizisau Herbst op 1st"]
[Site "Deizisau"]
[Date "2006.11.01"]
[Round "6"]
[White "Weber, Klaus"]
[Black "Anistratov, Dmitrij"]
[Result "0-1"]
[WhiteElo "2178"]
[BlackElo "2364"]
[PlyCount "72"]
[EventDate "2006.10.29"]
[EventType "swiss"]
[EventRounds "7"]
[EventCountry "GER"]
[SourceTitle "EXT 2022"]
[Source "ChessBase"]
[SourceDate "2021.10.06"]
[SourceVersion "1"]
[SourceVersionDate "2021.10.06"]
[SourceQuality "1"]

1. e4 d6 2. d4 Nf6 3. Nc3 g6 4. f3 c6 5. Be3 Nbd7 6. Qd2 Bg7 7. 0-0-0 Qc7 8. Bh6 Bxh6 9. Qxh6 b5 10. Kb1 a6 11. Nh3 c5 12. d5 Ne5 13. Nf2 Bd7 14. Qe3 b4 15. Ne2 Nc4 16. Qc1 Bb5 17. Nf4 Nb6 18. c4 bxc3 19. Qxc3 Na4 20. Bxb5+ axb5 21. Qc2 Qa5 22. Ne2 Nb6 23. b3 0-0 24. g4 Rfc8 25. g5 Nfd7 26. Ng4 c4 27. Qb2 c3 28. Qc2 b4 29. Ka1 Nc4 30. Nc1 Nb2 31. Rde1 Nc5 32. Nf2 Rc7 33. Re2 Rca7 34. Qb1 Qa3 35. Rxb2 cxb2+ 36. Qxb2 Nxb3+ 0-1

[Event "Wuerttemberg-ch A"]
[Site "Stuttgart"]
[Date "2004.09.02"]
[Round "6"]
[White "Weber, Klaus"]
[Black "Haist, Winfried"]
[Result "1/2-1/2"]
[WhiteElo "2225"]
[BlackElo "2159"]
[PlyCount "53"]
[EventDate "2004.08.28"]
[EventType "swiss"]
[EventRounds "9"]
[EventCountry "GER"]
[SourceTitle "CBM 102 Extra"]
[Source "ChessBase"]
[SourceDate "2004.11.03"]
[SourceVersion "1"]
[SourceVersionDate "2004.11.03"]
[SourceQuality "1"]

1. e4 d6 2. d4 Nf6 3. Nc3 g6 4. Bg5 c6 5. Bxf6 exf6 6. Nf3 Qb6 7. Rb1 f5 8. h3 Bg7 9. Be2 fxe4 10. Nxe4 0-0 11. 0-0 d5 12. Nc5 Qc7 13. b4 b6 14. Nb3 Nd7 15. c4 Nf6 16. Rc1 dxc4 17. Bxc4 Qd6 18. Ne5 Bb7 19. a3 Rad8 20. f4 Nd5 21. Qe2 Rfe8 22. Bxd5 Qxd5 23. Qf3 Qxf3 24. gxf3 Rd6 25. Rfe1 Bh6 26. Ng4 Rxe1+ 27. Rxe1 1/2-1/2

[Event "Oberliga Wuerttemberg 0304"]
[Site "Wuerttemberg"]
[Date "2003.12.07"]
[Round "4.4"]
[White "Weiss, Andreas"]
[Black "Weber, Klaus"]
[Result "1/2-1/2"]
[WhiteElo "2226"]
[BlackElo "2186"]
[PlyCount "87"]
[EventDate "2003.09.28"]
[EventType "team"]
[EventRounds "9"]
[EventCountry "GER"]
[SourceTitle "EXT 2006"]
[Source "ChessBase"]
[SourceDate "2005.11.24"]
[SourceVersion "1"]
[SourceVersionDate "2005.11.24"]
[SourceQuality "1"]
[WhiteTeam "Schwaebisch Gmuend"]
[BlackTeam "Tuebingen"]
[WhiteTeamCountry "GER"]
[BlackTeamCountry "GER"]

1. e4 e5 2. Nf3 Nc6 3. Bb5 a6 4. Bxc6 dxc6 5. 0-0 f6 6. d4 Bd6 7. dxe5 Bxe5 8. Qxd8+ Kxd8 9. Nxe5 fxe5 10. Rd1+ Ke7 11. Bg5+ Nf6 12. Nd2 Re8 13. Nc4 Kf7 14. f3 a5 15. Bh4 b5 16. Ne3 h6 17. a3 g5 18. Be1 Nh5 19. g3 Nf6 20. g4 h5 21. h3 Be6 22. Rd3 h4 23. Rad1 a4 24. Bc3 Bc4 25. Nxc4 bxc4 26. Re3 c5 27. Kf2 Ke6 28. Bd2 Red8 29. Ree1 Nh7 30. Be3 Rxd1 31. Rxd1 Rb8 32. Bc1 Nf8 33. Ke2 Ng6 34. Rd5 Rb5 35. Kd1 Ne7 36. Rd8 Nc6 37. Rg8 Nd4 38. Rg6+ Kf7 39. Rxg5 Ke6 40. Rg6+ Kf7 41. Rg5 Ke6 42. Rg6+ Kf7 43. Rg5 Ke6 44. Rg6+ 1/2-1/2

[Event "Oberliga Wuerttemberg 0304"]
[Site "Wuerttemberg"]
[Date "2003.11.16"]
[Round "3.4"]
[White "Gabriel, Robert A"]
[Black "Weber, Klaus"]
[Result "0-1"]
[WhiteElo "2238"]
[BlackElo "2186"]
[PlyCount "130"]
[EventDate "2003.09.28"]
[EventType "team"]
[EventRounds "9"]
[EventCountry "GER"]
[SourceTitle "EXT 2006"]
[Source "ChessBase"]
[SourceDate "2005.11.24"]
[SourceVersion "1"]
[SourceVersionDate "2005.11.24"]
[SourceQuality "1"]
[WhiteTeam "Stuttgart II"]
[BlackTeam "Tuebingen"]
[WhiteTeamCountry "GER"]
[BlackTeamCountry "GER"]

1. c4 Nf6 2. Nc3 e6 3. Nf3 Bb4 4. Qb3 Bxc3 5. Qxc3 b6 6. e3 Bb7 7. Be2 0-0 8. b4 d6 9. Bb2 Nbd7 10. 0-0 Re8 11. d4 Nf8 12. Rfe1 Ng6 13. b5 Ne4 14. Qc2 Ng5 15. Qd1 e5 16. dxe5 Nxf3+ 17. Bxf3 Bxf3 18. Qxf3 Nxe5 19. Qd5 Qf6 20. Bxe5 Qxe5 21. Qxe5 Rxe5 22. Kf1 Rc5 23. Rec1 a6 24. a4 g6 25. Ke2 Kg7 26. Kd3 d5 27. cxd5 Rxd5+ 28. Ke4 Rd2 29. Kf3 axb5 30. axb5 Rxa1 31. Rxa1 Rc2 32. g4 Kf6 33. h4 Ke6 34. Ra4 f5 35. g5 Rc5 36. Rb4 Kd6 37. Rd4+ Rd5 38. Rxd5+ Kxd5 39. Kf4 c6 40. bxc6 Kxc6 41. Ke5 Kc5 42. Kf6 b5 43. Kg7 b4 44. Kxh7 b3 45. h5 gxh5 46. g6 b2 47. g7 b1Q 48. g8Q Qe4 49. Qf8+ Kb5 50. Qb8+ Kc4 51. Qd6 h4 52. Kg6 h3 53. Qa6+ Kc3 54. Qa5+ Kd3 55. f3 Qxf3 56. Qa3+ Ke2 57. Qc1 Kf2 58. Qc2+ Kg1 59. e4 fxe4 60. Qc1+ Kg2 61. Qc2+ Kh1 62. Qc1+ Kh2 63. Kh6 e3 64. Qc7+ Kg2 65. Qc2+ e2 0-1